Conducta de la victima e imputacion objetiva en derecho penal : (Registro nro. 19825)

Detalles MARC
000 -LEADER
fixed length control field 01223nam a2200313 4500
001 - CONTROL NUMBER
control field 0000020507
003 - CONTROL NUMBER IDENTIFIER
control field CO-CtgCURN
005 - DATE AND TIME OF LATEST TRANSACTION
control field 20250513161420.0
007 - PHYSICAL DESCRIPTION FIXED FIELD--GENERAL INFORMATION
fixed length control field ta
008 - FIXED-LENGTH DATA ELEMENTS--GENERAL INFORMATION
fixed length control field 160627s2001 000 0 eng d
020 ## - INTERNATIONAL STANDARD BOOK NUMBER
International Standard Book Number 8476986173
040 ## - CATALOGING SOURCE
Original cataloging agency CO-CtgCURN
Language of cataloging spa
Transcribing agency coctgcurn
082 0# - DEWEY DECIMAL CLASSIFICATION NUMBER
Classification number 345.04
Item number C215c
100 1# - MAIN ENTRY--PERSONAL NAME
Personal name Cancio Melia, Manuel.
245 10 - TITLE STATEMENT
Title Conducta de la victima e imputacion objetiva en derecho penal :
Remainder of title estudio sobre los ambitos de responsabilidad de victima y autor en actividades arriesgadas /
Statement of responsibility, etc. Manuel Cancio Melia , prologo de Agustin Jorge Barreiro.
250 ## - EDITION STATEMENT
Edition statement 2a. ed.
260 ## - PUBLICATION, DISTRIBUTION, ETC.
Place of publication, distribution, etc. Barcelona :
Name of publisher, distributor, etc. José María Bosch Editor,
Date of publication, distribution, etc. 2001.
300 ## - PHYSICAL DESCRIPTION
Extent 446 p.
336 ## - CONTENT TYPE
Source rdacontent
337 ## - MEDIA TYPE
Source rdamedia
Media type term sin mediacion
Media type code n
338 ## - CARRIER TYPE
Source rdacarrier
Carrier type term volumen
Carrier type code nc
504 ## - BIBLIOGRAPHY, ETC. NOTE
Bibliography, etc. note Bibliografia (p. 393-438)
505 8# - FORMATTED CONTENTS NOTE
Formatted contents note Algunos presupuestos del análisis.--Modelos dogmaticos de solucion en doctrina y jurisprudencia.--La victima en el sistema de imputacion objetiva
650 14 - SUBJECT ADDED ENTRY--TOPICAL TERM
Topical term or geographic name entry element Responsabilidad penal.
700 1# - ADDED ENTRY--PERSONAL NAME
Personal name Barreiro, Agustin Jorge.
908 ## - PUT COMMAND PARAMETER (RLIN)
Put command parameter 160627
942 ## - ADDED ENTRY ELEMENTS (KOHA)
Koha item type Libros
Classification part 345.04
Item part C215c
Source of classification or shelving scheme Dewey Decimal Classification
Suppress in OPAC No
Existencias
Withdrawn status Lost status Source of classification or shelving scheme Damaged status Not for loan Collection Home library Current library Shelving location Date acquired Inventory number Total checkouts Full call number Barcode Date last seen Copy number Price effective from Koha item type Public note
    Dewey Decimal Classification     General Miguel Henríquez Castañeda Miguel Henríquez Castañeda General 03/31/2025 004743   345.04 C215c 004743 03/31/2025 ej.1 03/31/2025 Libros 340-DEREC